000
00279nam a2200133Ia 4500
100
_a
Jones & Ryffel
942
_c
BK
654
_a
Gear design
245
_a
Gear Design Simplified
260
_b
Industrial Press
_c
2001
082
_a
621.8
300
_a
151
546
_a
ENGLISH
999
_c
27364
_d
27364